|
|
|
|
| LEADER |
00000nam a22000007a 4500 |
| 001 |
20150721101755.0 |
| 003 |
AR-RoUNA |
| 005 |
20190731130935.0 |
| 008 |
131121s2014 ag ||||| |||| 00| 0 spa d |
| 999 |
|
|
|c 8890
|d 8890
|
| 020 |
|
|
|a 9789874401311
|
| 040 |
|
|
|a AR-RoUNA
|b spa
|
| 041 |
|
|
|a spa
|
| 044 |
|
|
|a ag
|
| 100 |
1 |
0 |
|9 39317
|a Del Rosso, Alberto
|
| 245 |
1 |
0 |
|a Estudio de las capacidades y desafios del sector electronico nacional en relacion a las necesidades de infraestructura /
|c Alberto Del Rosso; Andres Ghia
|n v.28
|
| 250 |
|
|
|a 1a. ed.
|
| 260 |
|
|
|a Ciudad Autónoma de Buenos Aires :
|b FODECO,
|c 2017
|
| 300 |
|
|
|a 49 p. :
|c 21x29 cm.
|b il. col.
|b Cuadros estadísticos
|
| 490 |
0 |
|
|a Capacidades de la industria en relacion a la demanda estimada para el periodo 2016-2025
|v v. 28
|
| 650 |
4 |
|
|9 12926
|a Electricidad
|
| 650 |
4 |
|
|9 14957
|a Infraestructura
|
| 650 |
4 |
|
|a Energia
|9 8641
|
| 650 |
4 |
|
|a Inversiones empresariales
|9 12451
|
| 650 |
4 |
|
|a Insumos
|9 12452
|
| 651 |
|
4 |
|9 7544
|a Argentina
|
| 700 |
1 |
|
|a Ghia, Andres
|9 12438
|
| 710 |
2 |
|
|9 39302
|a Cámara Argentina de la Construcción
|
| 856 |
|
|
|u http://www.camarco.org.ar/
|
| 908 |
|
|
|a Imp
|
| 930 |
|
|
|e 11401
|
| 942 |
|
|
|2 udc
|c LIB
|
| 945 |
|
|
|a MIA
|d 2018-12-06
|